000
00305nam a22001217a 4500
040
_c
HS
082
_a
608
100
_a
ព្រំ ដន
245
_a
Non infection diseases : ជំងឺមិនឆ្លងសត្វ
260
_a
RUA
_b
ព្រំ ដន
_c
2011
300
_a
78p;
942
_c
KB
999
_c
10210
_d
10210